00366nam a2200121Ia 450000500170000000800410001704000080005808200160006610000190008224500870010126000380018830000180022620190129113444.0190125s9999 xx 000 0 und d cDLC a720.28bLAG aJames A. Lagro aSite Analysis a Contextual Approach to Sustainable Land Planning and Site Design / bJohn Wiley & SonsaNew Yorkc2008 axii, 371 p. :